Problemática ambiental tica y reacción social: actualización sumarísima /

সংরক্ষণ করুন:
গ্রন্থ-পঞ্জীর বিবরন
প্রধান লেখক: Mora, Eduardo
বিন্যাস: পাঠ‍্য
বিষয়গুলি:
ট্যাগগুলো: ট্যাগ যুক্ত করুন
কোনো ট্যাগ নেই, প্রথমজন হিসাবে ট্যাগ করুন!

MARC

LEADER 00000 a a2200000 04500
001 558
003
040
100 |a Mora, Eduardo  
245 |a Problemática ambiental tica y reacción social:   |b actualización sumarísima /  |c Eduardo Mora  
650 |a MEDIO AMBIENTE  
650 |a DETERIORO AMBIENTAL  
650 |a PROTECCION AMBIENTAL  
650 |a COSTA RICA  
773 |g número 53; páginas 11-16  
999 |c 20874  |d 20874